PORTRAYALOF THE WOMEN. (Record no. 1331173)

MARC details
000 -LEADER
fixed length control field 00453nam a2200181Ia 4500
008 - FIXED-LENGTH DATA ELEMENTS--GENERAL INFORMATION
fixed length control field 151202s9999||||xx |||||||||||||| ||und||
082 ## - DEWEY DECIMAL CLASSIFICATION NUMBER
Item number PNVM-64640
100 ## - MAIN ENTRY--PERSONAL NAME
Personal name DEGLURKAR G. B.
245 ## - TITLE STATEMENT
Title PORTRAYALOF THE WOMEN.
260 ## - PUBLICATION, DISTRIBUTION, ETC. (IMPRINT)
Name of publisher, distributor, etc "PUB. SCHEME, JAIPUR."
260 ## - PUBLICATION, DISTRIBUTION, ETC. (IMPRINT)
Date of publication, distribution, etc 2004
300 ## - PHYSICAL DESCRIPTION
Extent 208
600 ## - SUBJECT ADDED ENTRY--PERSONAL NAME
Personal name DEGLURKAR G. B.
630 ## - SUBJECT ADDED ENTRY--UNIFORM TITLE
Uniform title PORTRAYALOF THE WOMEN.
700 ## - ADDED ENTRY--PERSONAL NAME
Personal name DEGLURKAR G. B.
730 ## - ADDED ENTRY--UNIFORM TITLE
Uniform title PORTRAYALOF THE WOMEN.
942 ## - ADDED ENTRY ELEMENTS (KOHA)
Koha item type Book
Holdings
Withdrawn status Lost status Damaged status Not for loan Home library Current library Date acquired Cost, normal purchase price Total Checkouts Full call number Barcode Date last seen Cost, replacement price Price effective from Koha item type
        Pune Nagar Vachan Mandir, Pune Pune Nagar Vachan Mandir, Pune 06/27/2015 0.00   PNVM-64640 PNVM-64640 12/02/2015 0.00 12/02/2015 Book